| 000 | 02371nam a2200385 i 4500 | ||
|---|---|---|---|
| 001 | ebr10840529 | ||
| 003 | CaPaEBR | ||
| 006 | m o d | ||
| 007 | cr cn||||||||| | ||
| 008 | 100205t20102010njuabd ob 001 0 eng|d | ||
| 020 | _z9781556428166 (alk. paper) | ||
| 020 | _a9781617118074 (e-book) | ||
| 040 |
_aCaPaEBR _beng _erda _epn _cCaPaEBR |
||
| 035 | _a(OCoLC)873762175 | ||
| 050 | 1 | 4 |
_aRC953.8.P58 _bB68 2010eb |
| 082 | 0 | 4 |
_a615.8/20846 _222 |
| 100 | 1 | _aBottomley, Jennifer M. | |
| 245 | 1 | 0 |
_aGeriatric rehabilitation : _ba textbook for the physical therapist assistant / _cJennifer M. Bottomley ; PTA advisors, Peggy DeCelle Newman PT, MHR, Karen Ryan, PTA, Stacy Potvin, PTA. |
| 264 | 1 |
_aThorofare, New Jersey : _bSLACK Inc., _c[2010] |
|
| 264 | 4 | _c�2010 | |
| 300 |
_a1 online resource (346 pages) : _billustrations, map |
||
| 336 |
_atext _2rdacontent |
||
| 337 |
_acomputer _2rdamedia |
||
| 338 |
_aonline resource _2rdacarrier |
||
| 504 | _aIncludes bibliographical references and index. | ||
| 505 | 0 | _aIntroduction to geriatric rehabilitation : principles of practice -- Theories of aging -- Age related changes in anatomy, physiology, and function -- Common pathological conditions in the elderly : impact on function and treatment approaches -- Psychosocial theories and considerations of aging -- Nutritional considerations with aging -- Drugs and function in the elderly -- Settings of care in geriatrics : the role of the physical therapist assistant -- Treatment rationale and design in geriatrics -- Interventions and treatment in the elderly -- Communication, education, and learning. | |
| 588 | _aDescription based on print version record. | ||
| 590 | _aElectronic reproduction. Palo Alto, Calif. : ebrary, 2014. Available via World Wide Web. Access may be limited to ebrary affiliated libraries. | ||
| 650 | 0 | _aPhysical therapy for older people. | |
| 650 | 0 |
_aOlder people _xRehabilitation. |
|
| 655 | 0 | _aElectronic books. | |
| 776 | 0 | 8 |
_iPrint version: _aBottomley, Jennifer M. _tGeriatric rehabilitation : a textbook for the physical therapist assistant. _dThorofare, New Jersey : SLACK Inc., [2010] _h344 pages ; 29 cm. _z9781556428166 _w(DNLM)101524178 _w(DLC)10840529 |
| 797 | 2 | _aebrary. | |
| 856 | 4 | 0 |
_uhttp://site.ebrary.com/lib/rucke/Doc?id=10840529 _zAn electronic book accessible through the World Wide Web; click to view |
| 999 |
_c96457 _d96457 |
||